Vybrané problémy merania kvality podnikateľského prostredia
Najvýraznejšie problémy merania kvality podnikateľského prostredia.
Gespeichert in:
| 1. Verfasser: | |
|---|---|
| Weitere Verfasser: | |
| Format: | Buchkapitel |
| Sprache: | Slowakisch |
| Schlagworte: | |
| Tags: |
Keine Tags, Fügen Sie das erste Tag hinzu!
|
MARC
| LEADER | 00000naa a2200000 4500 | ||
|---|---|---|---|
| 001 | 0211185 | ||
| 005 | 20220718124018.8 | ||
| 041 | 0 | |a slo | |
| 044 | |a SK | ||
| 245 | 1 | 0 | |a Vybrané problémy merania kvality podnikateľského prostredia |c Alexander Kelíšek, Jozef Klučka |
| 520 | |a Najvýraznejšie problémy merania kvality podnikateľského prostredia. | ||
| 610 | 2 | 0 | |a meranie |
| 610 | 2 | 0 | |a konkurencieschopnosť |
| 610 | 2 | 0 | |a indexy |
| 610 | 2 | 0 | |a Slovensko |
| 610 | 2 | 0 | |a prostredie podnikateľské |
| 100 | 1 | |a Kelíšek, Alexander | |
| 700 | 1 | |a Klučka, Jozef | |